Hoofdsteden per Letter - A - Statistieken

Algemene statistieken
  • Deze quiz is 2.463 keer genomen
  • De gemiddelde score is 8 van 16
Antwoordstatistieken
Land Hoofdstad % Correct
Nederland Amsterdam
87%
Andorra Andorra la Vella
66%
Griekenland Athene
64%
Turkije Ankara
63%
Paraguay Asunción
58%
Algerije Algiers
54%
Madagaskar Antananarivo
50%
Ghana Accra
48%
Jordanië Amman
48%
Kazachstan Astana
48%
Ethiopië Addis Abeba
47%
Nigeria Abuja
43%
Samoa Apia
40%
Eritrea Asmara
39%
Verenigde Arabische Emiraten Abu Dhabi
38%
Turkmenistan Asjchabad
38%
Geen overeenkomende quizzen gevonden
Scoreverdeling
Procent van Mensen met Elke Score
Percentiel versus Aantal Correcte Antwoorden
Uw Scoregeschiedenis
U heeft deze quiz nog niet genomen